[Event "World-ch Carlsen-Anand +3-0=7"]
[Site "Chennai"]
[Date "2013.11.19"]
[Round "8"]
[White "Carlsen, Magnus"]
[Black "Anand, Viswanathan"]
[Result "1/2-1/2"]
[WhiteElo "2870"]
[BlackElo "2775"]
[Annotator "Szabo,Krisztian"]
[PlyCount "66"]
[EventDate "2013.11.09"]
[EventType "match"]
[EventRounds "12"]
[EventCountry "IND"]
[SourceTitle "CBM 158"]
[Source "ChessBase"]
[SourceDate "2014.01.16"]
[SourceVersion "1"]
[SourceVersionDate "2014.01.16"]
[SourceQuality "1"]

1. e4 {This is the first time 1.e4 was played by Carlsen during the match. He had already tried 1.f3 and 1.c4.} e5 2. Nf3 Nc6 3. Bb5 Nf6 {Another Berlin Defence! This is the 4th time in the match already, but it is the first time from Anand with Black.} 4. O-O Nxe4 5. Re1 {A very solid decision by Carlsen. He has 2 points advantage, the draw is good for him, so it was a logical opening choice.} Nd6 6. Nxe5 Be7 7. Bf1 Nxe5 8. Rxe5 O-O 9. d4 Bf6 ({Recently Carlsen himself played the another line with} 9... Ne8 10. d5 Bc5 (10... d6 11. Re1 Bg5 {White has some space advantage due to his d5 , but that's all. Exchanging the dark-squared  is favourable for Black.} 12. Nc3 Bxc1 13. Rxc1 Nf6 14. Qd4 Bd7 15. Ne4 Re8 16. Nxf6+ Qxf6 17. Qxf6 gxf6 18. Red1 a5 19. f3 Kg7 20. Kf2 a4 21. Rd4 Ra5 22. Rcd1 Rc5 23. R1d2 Ra8 {the computer considers the position to be slighty better for White, but in the game Black could hold his position, Leko-Carlsen, Wijk aan Zee 2013.}) 11. Re1 d6 12. Nc3 Bf5 13. Bd3 Bxd3 14. Qxd3 Nf6 15. Na4 Re8 16. Bd2 Rxe1+ 17. Rxe1 Qd7 18. Nxc5 dxc5 19. c4 Re8 $11 {with an equal endgame, Karjakin-Carlsen, Moscow 2013.}) 10. Re1 Re8 (10... Nf5 {is another main move.}) 11. c3 {This move shows that Carlsen is happy with the draw.} (11. Bf4 {was the only critical move} Rxe1 12. Qxe1 Ne8 ({The greedy} 12... Bxd4 $5 {could have been met by} 13. c3 (13. Bxd6 $5 cxd6 14. Nc3 $44 {was also interesting.}) 13... Bf6 14. Bxd6 cxd6 15. Qe4 $1 d5 $1 {Otherwise d5.} 16. Qxd5 d6 17. Na3 Rb8 {and Black's two bishops give some counterplay for his weaknesses.}) 13. Nc3 $1 {Otherwise Black can play d5 and equalise more easily.} Bxd4 ({Now} 13... d5 $2 {is not working, as} 14. Nxd5 $1 $16) 14. Nd5 c6 (14... d6) 15. Ne7+ Kf8 16. Nxc8 Qf6 $1 17. Qb4+ c5 18. Qd2 Rxc8 19. c3 (19. Re1 g5 $1 20. Bxg5 Bxf2+ $1 21. Qxf2 Qxg5 22. Bb5 Nd6 23. Bxd7 Rd8 $11 {Guseinov-Sargissian, Warsaw 2013}) 19... Be5 20. Bxe5 Qxe5 21. Qxd7 Qc7 (21... Rc7 $11) 22. Rd1 Qxd7 23. Rxd7 Rc7 24. Rxc7 Nxc7 $11 {with a completely drawish endgame, Kasimdzhanov-Leko, London 2012.}) 11... Rxe1 12. Qxe1 Ne8 $1 {A typical idea. Black wants to equalise with d5.} 13. Bf4 d5 14. Bd3 {Of course... White doesn't want to allow f5.} ({For example} 14. Nd2 {could have been met by} Bf5 $1 $11) 14... g6 {Anand prepares for g7 then f5.} 15. Nd2 Ng7 16. Qe2 {White improves his pieces and he has a positional trick too.} c6 $1 {A great deep move!} ({The immediate} 16... Bf5 {could have been met by} 17. Bxf5 Nxf5 18. Qb5 $1 $14 {and White created some unpleasant threats on the queenside.}) 17. Re1 $146 {Basically this is the first novelty in the game, but in this positional line it does not determine the result.} ({Before} 17. Be5 {was tried} Bxe5 18. Qxe5 Bf5 19. Bxf5 Nxf5 20. Re1 Qd6 21. Nb3 Qxe5 22. Rxe5 f6 23. Re2 Kf7 $11 {with a symmetrical drawish endgame, Rozentalis-Bruzon, Montreal 2013.}) 17... Bf5 18. Bxf5 Nxf5 19. Nf3 Ng7 $1 {Another good positional move. Anand prepares for e6 or sometimes in the d7 then e8 plan is also useful.} 20. Be5 {Carlsen doesn't mind the exchange of pieces.} Ne6 21. Bxf6 Qxf6 22. Ne5 Re8 23. Ng4 {Carlsen creates some threats on the dark squares. Now Anand needs to play some exact moves.} Qd8 $1 ({In the event of} 23... Qg7 {White has a nice initiative after} 24. Qf3 $1) 24. Qe5 ({Now} 24. Qf3 {White can answer with} Ng5 $1 25. Nf6+ Kf8 26. Rxe8+ Qxe8 $11 {and Black is OK.}) 24... Ng7 25. Qxe8+ $1 {The only move, but it wasn't so difficult for Carlsen. Now all the pieces will be exchanged.} ({Of course} 25. Nf6+ $4 Qxf6 $1 $19) (25. Nh6+ $4 Kf8 $19) 25... Nxe8 26. Rxe8+ $1 Qxe8 27. Nf6+ Kf8 28. Nxe8 Kxe8 29. f4 f5 30. Kf2 b5 ({RR} 30... Kf7 31. Kf3 Kf6 32. Ke3 Ke6 33. Kf3 Kf6 34. Ke3 Ke6 35. Kf3 {½-½ (35) Song,Y (2409)-Ju,W (2570) Shenzhen CHN 2025}) 31. b4 Kf7 32. h3 ({RR} 32. Kf3 Kf6 33. h4 h5 34. Ke3 Ke6 35. Ke2 Ke7 36. Ke1 Ke6 37. Ke2 Ke7 38. Ke3 Ke6 39. Ke2 {½-½ (39) Carlsen,M (2863)-Ding,L (2791) chess24.com INT 2020}) ({RR} 32. Kf3 Kf6 33. Kf2 {½-½ (35) Anand,V (2753)-Grischuk,A (2778) Zagreb 2021}) 32... h6 33. h4 $146 ({RR} 33. g3 Kf6 34. h4 h5 35. a3 Ke6 36. Kf3 a6 37. Kg2 Kd7 38. Kh1 Kc8 39. Kg1 Kb7 40. Kf1 Ka8 41. Ke1 {½-½ (41) Belous,V (2569)-Stukopin,A (2517) Moscow 2014}) 33... h5 {A high level positional game!} 1/2-1/2

[Event "World-ch Carlsen-Anand +3-0=7"]
[Site "Chennai"]
[Date "2013.11.22"]
[Round "10"]
[White "Carlsen, Magnus"]
[Black "Anand, Viswanathan"]
[Result "1/2-1/2"]
[WhiteElo "2870"]
[BlackElo "2775"]
[Annotator "Szabo,Krisztian"]
[PlyCount "130"]
[EventDate "2013.11.09"]
[EventType "match"]
[EventRounds "12"]
[EventCountry "IND"]
[SourceTitle "CBM 158"]
[Source "ChessBase"]
[SourceDate "2014.01.16"]
[SourceVersion "1"]
[SourceVersionDate "2014.01.16"]
[SourceQuality "1"]

{Since Carlsen had won the previous game too, he had 3 points advantage and actually this was the last game of their match.} 1. e4 c5 2. Nf3 d6 3. Bb5+ {A logical decision by Carlsen. He avoids the sharp lines after 3.d4. Apart from this, Carlsen usually employs this move.} Nd7 4. d4 cxd4 5. Qxd4 a6 6. Bxd7+ Bxd7 7. c4 Nf6 ({A few months ago they had a game against each other with} 7... e5 8. Qd3 b5 9. Nc3 bxc4 10. Qxc4 Be6 11. Qd3 h6 12. O-O Nf6 13. Rd1 Be7 14. Ne1 O-O 15. Nc2 Qb6 16. Ne3 Rfc8 17. b3 {and White had a stable position, Carlsen-Anand, Stavanger 2013.}) 8. Bg5 e6 9. Nc3 Be7 10. O-O {The most natural move.} (10. Rd1 Bc6 11. O-O O-O 12. Qd3 Qc7 13. a4 Rfd8 14. Rfe1 Rac8 15. Nd4 Be8 16. b3 Qc5 17. Be3 Qa5 18. Bd2 Qc5 19. h3 Nd7 20. Be3 Qa5 $11 {and Black has a completely fine position, Fressinet-Ponomariov, Elancourt 2013.}) 10... Bc6 ({The immediate} 10... O-O {could have been met by} 11. e5 dxe5 12. Nxe5 Be8 13. Rad1 {White has gained some space, but thanks to his stable position, Black can hold the game.}) 11. Qd3 {White prepares for d4.} (11. Rad1 {transposes to 10.d1.}) ({RR} 11. a4 O-O 12. Rfe1 h6 13. Bh4 Qa5 14. Nd5 Bxd5 15. cxd5 exd5 16. exd5 Rae8 17. b4 Qd8 18. Rac1 Qd7 19. a5 Bd8 20. h3 Rxe1+ 21. Rxe1 Re8 22. Rxe8+ Nxe8 23. Bxd8 Qxd8 24. Nd2 Nf6 25. Nc4 Qe7 {Rapport,R (2764)-Wei,Y (2727) chess24.com INT 2022 1-0 (74)}) ({RR} 11. Rfd1 O-O 12. Rac1 Rc8 13. h3 h6 14. Bh4 Qa5 15. a3 Rfd8 16. Qe3 Kf8 17. Bg3 b5 18. cxb5 axb5 19. Nd4 Be8 20. f4 Rc4 21. Bh4 b4 22. axb4 Qxb4 23. f5 Qxb2 24. fxe6 Rdc8 25. exf7 Bxf7 {Bhagat Kush (2276)-Kavri,Y (2142) Cesme TUR 2025 1-0 (69)}) 11... O-O 12. Nd4 Rc8 13. b3 $146 {Carlsen would like to stabilise his position.} (13. Rac1 Qa5 14. Bd2 Qd8 15. Bg5 b6 16. Nxc6 Rxc6 17. Ne2 Qa8 18. f3 Rfc8 19. Be3 Nd7 20. b3 Qb7 $11 {Schoeneberg-Danailov, Leipzig 1986}) 13... Qc7 $146 ({RR} 13... Qa5 14. Bd2 Qh5 15. f3 Rfd8 16. Rad1 Be8 17. Rfe1 h6 18. Kh1 Nd7 19. Be3 Qa5 20. Bd2 Qc5 21. Be3 Qa5 22. Bd2 Qc5 23. Be3 Qc7 24. Qd2 Nf6 25. Rc1 b6 26. Qf2 Qb7 27. a4 Nd7 28. Qg3 {Song,R (2478)-Matlakov,M (2698) Caleta 2020 ½-½}) ({RR} 13... Qa5 14. Bd2 Qh5 15. f3 Rfd8 16. Rad1 Be8 17. Rfe1 h6 18. Kh1 Nd7 19. Be3 Qa5 20. Bd2 Qc5 21. Be3 Qa5 22. Bd2 Qc5 23. Be3 Qc7 24. Qd2 Nf6 25. Rc1 b6 26. Qf2 Qb7 27. a4 Nd7 28. Qg3 {Song,R (2478)-Matlakov,M (2698) Caleta 2020 ½-½}) 14. Nxc6 ({The natural} 14. Rfd1 {was also possible.} Rfd8 15. Nxc6 (15. Rac1 Be8 {and Black can keep his .}) 15... Qxc6 16. Rac1 {similar to the game.}) 14... Qxc6 15. Rac1 h6 (15... Rfd8 16. Rfd1 {and White is solid.}) 16. Be3 Nd7 17. Bd4 Rfd8 18. h3 (18. Rfd1 Qc7 {is also similar.}) 18... Qc7 19. Rfd1 Qa5 20. Qd2 {White is threatening with d5!} ({In the event of} 20. Qg3 {Black can reply with} Qg5 ({or} 20... Bf8 {.})) 20... Kf8 (20... Bg5 {was easier, but I think Anand didn't want to exchange the bishops so quickly.} 21. Be3 (21. f4 Bf6 22. Bxf6 Nxf6 $11) 21... Bxe3 22. Qxe3 Ne5 $11 {with a balanced middlegame.}) 21. Qb2 Kg8 22. a4 (22. Qd2 {was a repetition of moves.}) 22... Qh5 23. Ne2 Bf6 {After the  exchange suddenly the d6  will be very weak.} ({Probably} 23... Qg6 $1 {was more exact, as} 24. f3 b6 {followed by c5 and the e7  is able to hold the d6 .}) 24. Rc3 $1 {The  is very useful on the 3rd rank.} Bxd4 25. Rxd4 {Now White has a comfortable position, because the d6  can be attacked by tripling on the d-file.} Qe5 26. Qd2 Nf6 (26... Nc5 {was also possible} 27. Re3 Qf6 28. a5 {and still Black needs to play some exact moves.}) 27. Re3 Rd7 28. a5 Qg5 $2 {A mistake, which allows White's strong reply!} (28... Rcd8 {was important to protect the d7 .}) 29. e5 $1 Ne8 30. exd6 $2 {White returns the error, but I think Carlsen was only thinking about the draw and becoming the new World Champion.} ({Nevertheless} 30. Nc3 $1 {was the strongest answer. White keeps the tension and the  is ready to go to e4 or a4 too.} Rc6 31. f4 Qe7 32. Red3 $16 {and Black is in a big trouble.}) 30... Rc6 {Now Black immediately gains back the d6 .} 31. f4 Qd8 32. Red3 Rcxd6 33. Rxd6 Rxd6 34. Rxd6 Qxd6 35. Qxd6 Nxd6 36. Kf2 {I think Carlsen wanted this endgame, which is an easy draw for him without any problem.} Kf8 37. Ke3 Ke7 38. Kd4 Kd7 39. Kc5 Kc7 40. Nc3 Nf5 41. Ne4 Ne3 42. g3 f5 43. Nd6 g5 44. Ne8+ Kd7 45. Nf6+ Ke7 46. Ng8+ (46. Nh5 {was also possible, but White didn't want to risk} Kf7 47. Kb6 Kg6 48. Kxb7 Kxh5 49. Kxa6 gxf4 50. gxf4 e5 51. Kb6 exf4 52. a6 f3 53. a7 f2 54. a8=Q Kh4 (54... f1=Q $6 55. Qe8+ {and the e3  is lost.}) 55. Qf3 f1=Q 56. Qxe3 f4 57. Qe6 h5 {with a drawish queen endgame.}) 46... Kf8 47. Nxh6 (47. Nf6 Ke7 {was a repetition of moves.}) 47... gxf4 48. gxf4 Kg7 49. Nxf5+ exf5 50. Kb6 Ng2 51. Kxb7 Nxf4 52. Kxa6 Ne6 53. Kb6 f4 54. a6 f3 55. a7 f2 56. a8=Q f1=Q 57. Qd5 {Carlsen has achieved his aim; he has no way to lose, the position is completely drawn.} Qe1 58. Qd6 Qe3+ 59. Ka6 Nc5+ 60. Kb5 Nxb3 61. Qc7+ Kh6 62. Qb6+ Qxb6+ 63. Kxb6 Kh5 64. h4 Kxh4 65. c5 Nxc5 {and Magnus Carlsen is the new World Champion! Congratulations to him!} 1/2-1/2

[Event "Zuerich Chess Challenge"]
[Site "Zuerich"]
[Date "2014.02.03"]
[Round "5"]
[White "Anand, Viswanathan"]
[Black "Carlsen, Magnus"]
[Result "1/2-1/2"]
[WhiteElo "2773"]
[BlackElo "2872"]
[Annotator "Vidit,Santosh Gujrathi"]
[PlyCount "80"]
[EventDate "2014.01.30"]
[EventType "tourn"]
[EventRounds "5"]
[EventCountry "SUI"]
[EventCategory "22"]
[SourceTitle "CBM 159"]
[Source "ChessBase"]
[SourceDate "2014.03.17"]
[SourceVersion "1"]
[SourceVersionDate "2014.03.17"]
[SourceQuality "1"]

{This was the first classical game after the World Championship match and I was anticipating a tough fight. But unfortunately the Berlin wall is just too solid :)} 1. e4 e5 2. Nf3 Nc6 3. Bb5 Nf6 4. d3 Bc5 5. Bxc6 dxc6 6. h3 Nd7 7. Be3 $5 {A surprising choice as Carlsen on the previous day used this line with the white pieces to defeat Caruana in a brilliant way!} Bd6 8. Nbd2 (8. Nc3 c5 9. O-O Nf8 10. Nd2 Ng6 11. Nc4 Be6 12. Ne2 Qd7 13. Nxd6+ cxd6 14. f4 exf4 15. Nxf4 Nxf4 16. Rxf4 b6 17. Qh5 d5 18. d4 c4 19. b3 Qc6 20. Raf1 O-O-O 21. bxc4 Qxc4 22. Rxf7 Bxf7 23. Rxf7 Rd7 24. Rxd7 Kxd7 25. exd5 g6 26. Qg4+ Kc7 27. Qe6 Kb7 28. Qe7+ Qc7 29. Qe4 Qd7 30. d6+ Ka6 31. Bf4 Rc8 32. Kh2 Rc4 33. Bg3 Rc8 34. Qd3+ Kb7 35. c4 Qc6 36. Qb3 Ka8 37. a4 Re8 38. a5 Kb7 39. c5 Kc8 40. axb6 axb6 41. d5 Qxc5 42. Qa4 Re3 43. Qa8+ Kd7 44. Qb7+ Ke8 45. d7+ Kd8 46. Bh4+ Re7 47. Qc8+ {1-0 (47) Carlsen,M (2872)-Caruana,F (2782) Zurich SUI 2014}) 8... O-O 9. O-O Re8 10. Nc4 Nf8 11. d4 {A questionable decision. The game now immediately peters out to a draw.} (11. a4 $5) 11... exd4 12. Qxd4 c5 $146 ({RR} 12... Ng6 13. Rad1 f6 14. Rfe1 Qe7 15. Nxd6 cxd6 16. Qxd6 Qxd6 17. Rxd6 Rxe4 18. Rd8+ Kf7 19. Nd2 Re8 20. Rxe8 Kxe8 21. Ne4 b6 22. Bd2 Kd7 23. Ng3 Bb7 24. Nh5 c5 25. Nxg7 Nh4 26. Nh5 Rf8 27. Re3 {Blanco Da Silva,C (2046)-Guerra Rodenas,A (1885) Valencia 2019 1-0 (46)}) ({RR} 12... Ne6 13. Qc3 Bf8 14. Rfe1 Qe7 15. b3 b6 16. Rad1 c5 17. Nce5 Qf6 18. Qc4 Bb7 19. Rd7 Re7 20. Bd2 Rxd7 21. Nxd7 Qe7 22. Nxf8 Rxf8 23. Bc3 Rd8 24. Be5 h6 25. c3 Qd7 26. Qe2 a5 27. Nh4 {Kobalia,M (2578)-Jumabayev,R (2590) Sharjah UAE 2023 0-1 (49)}) 13. Qd3 b6 14. Nxd6 Qxd6 15. Qxd6 cxd6 16. Rfd1 Bb7 17. Rxd6 Bxe4 18. Ne1 Rad8 $11 {The game is completely drawish now.} 19. Rad1 Ne6 20. Rxd8 Rxd8 21. Rxd8+ Nxd8 22. f3 Bd5 23. a3 Nc6 24. Kf2 f6 25. Nd3 Kf8 26. Ke2 Ke7 27. Kd2 Kd7 28. Nf4 Bf7 29. b3 Ne7 30. h4 Nd5 31. Nxd5 Bxd5 32. Bf4 Kc6 33. Bg3 Bf7 34. Bf4 Bg6 35. Bg3 Bf7 36. Bb8 a6 37. Bf4 Bg6 38. Bg3 Bh5 39. Bf2 Bf7 40. Bg3 Bg6 {Not much happened in the game. White didn't get anything out of the opening and the game was soon equal.A typical berlin affair.} 1/2-1/2

[Event "NOR-chT qual"]
[Site "Oslo"]
[Date "2014.03.22"]
[Round "1.1"]
[White "Carlsen, Magnus"]
[Black "Georgiev, Vladimir"]
[Result "1-0"]
[WhiteElo "2881"]
[BlackElo "2553"]
[PlyCount "79"]
[EventDate "2014.03.22"]
[EventType "team-match"]
[EventRounds "1"]
[EventCountry "NOR"]
[SourceTitle "CBM 159 Extra"]
[Source "ChessBase"]
[SourceDate "2014.04.24"]
[SourceVersion "1"]
[SourceVersionDate "2014.04.24"]
[SourceQuality "1"]
[WhiteTeam "Stavanger"]
[BlackTeam "Nordstrand"]
[WhiteTeamCountry "NOR"]
[BlackTeamCountry "NOR"]

1. e4 e5 2. Nf3 Nc6 3. Bb5 a6 4. Ba4 Nf6 5. O-O b5 6. Bb3 Bb7 7. d3 Bc5 8. c3 O-O 9. a4 d5 10. axb5 axb5 11. Rxa8 Bxa8 12. exd5 Nxd5 13. Re1 b4 14. Qc2 f6 15. Nbd2 Kh8 16. Ne4 Be7 17. h3 $146 ({RR} 17. Bd2 Na5 18. Ba2 c5 19. d4 cxd4 20. cxd4 b3 21. Bxb3 Nb4 22. Qc3 exd4 23. Nxd4 Nxb3 24. Nxb3 Qd5 25. f3 Nd3 26. Ra1 f5 27. Ra5 Qd8 28. Nec5 Nxc5 29. Nxc5 Bf6 30. Qd3 Qe7 31. Qe3 Qd6 {Zierk,S (2483)-Georgiev,V (2554) Saint Louis 2015 1-0 (48)}) 17... Na5 18. Ba2 b3 19. Bxb3 Nxb3 20. Qxb3 Nb6 21. d4 f5 22. Nc5 e4 23. Ne5 Bd5 24. Qd1 Bd6 25. Bf4 Nc4 26. b4 g5 27. Bh2 f4 28. Nxc4 Bxc5 29. Nd2 Bd6 30. Nxe4 Qe7 31. Nxd6 Qxd6 32. Re5 h6 33. h4 gxh4 34. Qh5 c6 35. f3 Qf6 36. b5 Ra8 37. Re8+ Rxe8 38. Qxe8+ Kh7 39. Qd7+ Kh8 40. b6 1-0